| 000 | 00469 a2200169 4500 | ||
|---|---|---|---|
| 003 | OSt | ||
| 005 | 20240110154016.0 | ||
| 008 | 240110b |||||||| |||| 00| 0 eng d | ||
| 020 | _a9789382581505 | ||
| 040 | _coclc | ||
| 082 |
_a297 _bASH/M |
||
| 100 |
_aParali, Kabeer M _910255 |
||
| 245 |
_aMALAKKUKAL / _cDr Ummer Sulaiman Al Ashqar |
||
| 260 |
_aKerala: _bDa'wa books, _c2014 |
||
| 300 | _a149p | ||
| 942 |
_2ddc _cBK _h297 _iASH/M _k297 _mASH/M |
||
| 999 |
_c43056 _d43056 |
||